[Event "Skakligaen 2021-22"]
[Site "Denmark"]
[Date "2021.10.30"]
[Round "1.1"]
[White "Berkes, Ferenc"]
[Black "Fries Nielsen, Jens Ove"]
[Result "1/2-1/2"]
[WhiteElo "2671"]
[BlackElo "2378"]
[PlyCount "51"]
[EventDate "2021.10.30"]
[EventType "team-tourn"]
[EventRounds "9"]
[EventCountry "DEN"]
[SourceTitle "Turneringssystemet"]
[WhiteTeam "Koge"]
[BlackTeam "Fredericia"]

1. d4 Nf6 2. Nf3 e6 3. Bf4 Nh5 4. Bd2 c5 5. e4 Nf6 6. Nc3 d5 7. exd5 exd5 8.
Bb5+ Nc6 9. Ne5 cxd4 10. Qe2 Be7 11. Nxc6 bxc6 12. Bxc6+ Bd7 13. Bxd7+ Qxd7 14.
Nb5 Rb8 15. a4 O-O 16. O-O Ne4 17. Bf4 Rb6 18. Be5 Bc5 19. Qd3 Rg6 20. Nxd4 Qg4
21. Qf3 Nd2 22. Qxg4 Rxg4 23. Nb3 Nxf1 24. Kxf1 Re8 25. Bc3 Rc8 26. a5 1/2-1/2

[Event "Skakligaen 2021-22"]
[Site "Denmark"]
[Date "2021.10.30"]
[Round "1.2"]
[White "Schwarz, Frank"]
[Black "Hammer, Jon Ludvig"]
[Result "0-1"]
[WhiteElo "2224"]
[BlackElo "2608"]
[PlyCount "92"]
[EventDate "2021.10.30"]
[EventType "team-tourn"]
[EventRounds "9"]
[EventCountry "DEN"]
[SourceTitle "Turneringssystemet"]
[WhiteTeam "Fredericia"]
[BlackTeam "Koge"]

1. c4 g6 2. g3 c5 3. Bg2 Bg7 4. e3 Nc6 5. Ne2 e5 6. a3 a5 7. Nbc3 Nge7 8. d3
O-O 9. O-O d6 10. Rb1 Rb8 11. h3 Be6 12. e4 Qd7 13. Kh2 f5 14. f3 f4 15. g4 g5
16. Bd2 h5 17. Nb5 Kf7 18. Nec3 Rh8 19. Kg1 Ng6 20. Be1 Rh6 21. Nd5 Bxd5 22.
exd5 Nd4 23. Nc3 Bf6 24. b4 axb4 25. axb4 cxb4 26. Rxb4 Bd8 27. Ne4 b5 28. cxb5
Kg7 29. Bf2 hxg4 30. hxg4 Bb6 31. Re1 Ne7 32. Rxd4 exd4 33. Qa4 Kf8 34. Nxg5
Nxd5 35. Re4 Rg6 36. Nh3 Re6 37. Qb3 Rxe4 38. dxe4 Ne3 39. Nxf4 Qf7 40. Ne6+
Kg8 41. Bh3 Rc8 42. g5 d3 43. g6 Qxg6+ 44. Ng5+ Kf8 45. Bxc8 Qxg5+ 46. Bg4 d2
0-1

[Event "Skakligaen 2021-22"]
[Site "Denmark"]
[Date "2021.10.30"]
[Round "1.3"]
[White "Thybo, Jesper Sondergaard"]
[Black "Friis, Carsten Bank"]
[Result "1-0"]
[WhiteElo "2602"]
[BlackElo "2212"]
[PlyCount "45"]
[EventDate "2021.10.30"]
[EventType "team-tourn"]
[EventRounds "9"]
[EventCountry "DEN"]
[SourceTitle "Turneringssystemet"]
[WhiteTeam "Koge"]
[BlackTeam "Fredericia"]

1. Nf3 d5 2. g3 Nf6 3. Bg2 c6 4. c4 dxc4 5. O-O Nbd7 6. Qc2 Nb6 7. Na3 Be6 8.
Ne5 Qd4 9. Nxc6 bxc6 10. Bxc6+ Nfd7 11. Bxa8 Nxa8 12. d3 Nab6 13. Rd1 cxd3 14.
Rxd3 Qe5 15. Bf4 Qf5 16. Rad1 f6 17. e4 Qh3 18. Nb5 g5 19. Bc7 Ne5 20. Bxe5
fxe5 21. Rf3 Bd7 22. Qc6 Bxc6 23. Nc7# 1-0

[Event "Skakligaen 2021-22"]
[Site "Denmark"]
[Date "2021.10.30"]
[Round "1.4"]
[White "Pedersen, Daniel Vesterbaek"]
[Black "Rozentalis, Eduardas"]
[Result "0-1"]
[WhiteElo "2139"]
[BlackElo "2513"]
[PlyCount "82"]
[EventDate "2021.10.30"]
[EventType "team-tourn"]
[EventRounds "9"]
[EventCountry "DEN"]
[SourceTitle "Turneringssystemet"]
[WhiteTeam "Fredericia"]
[BlackTeam "Koge"]

1. Nf3 Nf6 2. c4 e6 3. g3 d5 4. Bg2 dxc4 5. Qa4+ Bd7 6. Qxc4 c5 7. Ne5 Qc8 8.
O-O Nc6 9. Nxd7 Qxd7 10. Qa4 Nd5 11. Nc3 Be7 12. d3 O-O 13. Bd2 Rfd8 14. Rfc1
Rac8 15. Rab1 Nb6 16. Qg4 f5 17. Qh5 c4 18. Be3 g6 19. Qh6 cxd3 20. Rd1 Ne5 21.
Bxb6 axb6 22. exd3 Bc5 23. d4 Ng4 24. Qf4 Bxd4 25. h3 Nxf2 26. Rxd4 Nxh3+ 27.
Bxh3 Qxd4+ 28. Qxd4 Rxd4 29. Re1 Kf7 30. Re2 Rcd8 31. Kf2 Rd2 32. Bg2 Rxe2+ 33.
Kxe2 Rd7 34. Na4 b5 35. Nc3 b4 36. Na4 e5 37. Nc5 Rc7 38. Nd3 Rc2+ 39. Kf1 e4
40. Nxb4 Rxb2 41. a3 h5 0-1

[Event "Skakligaen 2021-22"]
[Site "Denmark"]
[Date "2021.10.30"]
[Round "1.5"]
[White "Danielsen, Henrik"]
[Black "Guindy, Esmat Susanne"]
[Result "1-0"]
[WhiteElo "2517"]
[BlackElo "2113"]
[PlyCount "73"]
[EventDate "2021.10.30"]
[EventType "team-tourn"]
[EventRounds "9"]
[EventCountry "DEN"]
[SourceTitle "Turneringssystemet"]
[WhiteTeam "Koge"]
[BlackTeam "Fredericia"]

1. e4 e6 2. d3 d5 3. Nd2 Nf6 4. Ngf3 c5 5. c3 b6 6. Be2 Bb7 7. e5 Nfd7 8. d4
Nc6 9. O-O g5 10. Nb3 h6 11. Ne1 Be7 12. f4 c4 13. Nd2 gxf4 14. Rxf4 Bg5 15.
Rf1 Rg8 16. Bh5 Rg7 17. b3 Ne7 18. Qf3 Nf5 19. g4 Be3+ 20. Kh1 Qg5 21. Ng2 Bxd2
22. Bxd2 Qxd2 23. gxf5 O-O-O 24. Rf2 Qg5 25. f6 Rh7 26. h4 Qg8 27. Qf4 cxb3 28.
axb3 Kb8 29. Rf3 Qf8 30. Rg3 Rc8 31. Qd2 Ka8 32. b4 b5 33. Qd3 Qh8 34. Qxb5 Rc7
35. Qa5 Qb8 36. Rg8 Bc8 37. Ra3 1-0

[Event "Skakligaen 2021-22"]
[Site "Denmark"]
[Date "2021.10.30"]
[Round "1.6"]
[White "Easwaralingam, Adesh"]
[Black "Brunello, Sabino"]
[Result "0-1"]
[WhiteElo "2136"]
[BlackElo "2499"]
[PlyCount "74"]
[EventDate "2021.10.30"]
[EventType "team-tourn"]
[EventRounds "9"]
[EventCountry "DEN"]
[SourceTitle "Turneringssystemet"]
[WhiteTeam "Fredericia"]
[BlackTeam "Koge"]

1. e4 e5 2. Nf3 Nc6 3. Bb5 a6 4. Ba4 Nf6 5. O-O Be7 6. d3 b5 7. Bb3 d6 8. Nc3
Na5 9. Re1 O-O 10. h3 Bb7 11. Bg5 Nxb3 12. axb3 c5 13. Qd2 h6 14. Bxf6 Bxf6 15.
Nd5 Bxd5 16. exd5 Qd7 17. b4 cxb4 18. Qxb4 Rfc8 19. c3 Bd8 20. d4 f6 21. Nd2 a5
22. Qb3 a4 23. Qc2 exd4 24. Qg6 Ba5 25. Re6 Qf7 26. Qxf7+ Kxf7 27. Ne4 dxc3 28.
bxc3 Bxc3 29. Nxd6+ Kf8 30. Ra3 Bb4 31. Nxc8 Bxa3 32. Rc6 Bb2 33. d6 Ke8 34.
Rc7 a3 35. Re7+ Kd8 36. Na7 Rxa7 37. Rxa7 b4 0-1

[Event "Skakligaen 2021-22"]
[Site "Denmark"]
[Date "2021.10.30"]
[Round "1.7"]
[White "Smith, Axel"]
[Black "Sorensen, Lars Desmond"]
[Result "1-0"]
[WhiteElo "2435"]
[BlackElo "2048"]
[PlyCount "63"]
[EventDate "2021.10.30"]
[EventType "team-tourn"]
[EventRounds "9"]
[EventCountry "DEN"]
[SourceTitle "Turneringssystemet"]
[WhiteTeam "Koge"]
[BlackTeam "Fredericia"]

1. c4 Nf6 2. Nc3 e6 3. e4 c5 4. e5 Ng8 5. Nf3 Nc6 6. d4 cxd4 7. Nxd4 a6 8. Nxc6
bxc6 9. Bf4 Bb4 10. Rc1 Ne7 11. Bd3 Ng6 12. Bg3 Qa5 13. Bxg6 hxg6 14. O-O O-O
15. Ne4 Be7 16. c5 Qxa2 17. Qg4 Qxb2 18. Rb1 Qa3 19. Ra1 Qb2 20. Rfb1 Qc2 21.
Rc1 Qb2 22. Rab1 Qa2 23. Re1 Qa5 24. Bh4 Qd8 25. Bxe7 Qxe7 26. Rb3 f5 27. exf6
Rxf6 28. Nxf6+ Qxf6 29. Rf3 Qe7 30. Qxg6 Rb8 31. Rh3 Qxc5 32. Qe8+ 1-0

[Event "Skakligaen 2021-22"]
[Site "Denmark"]
[Date "2021.10.30"]
[Round "1.8"]
[White "Jakobsen, Niels Nybo"]
[Black "Ahlander, Bjorn"]
[Result "1/2-1/2"]
[WhiteElo "2025"]
[BlackElo "2363"]
[PlyCount "61"]
[EventDate "2021.10.30"]
[EventType "team-tourn"]
[EventRounds "9"]
[EventCountry "DEN"]
[SourceTitle "Turneringssystemet"]
[WhiteTeam "Fredericia"]
[BlackTeam "Koge"]

1. Nf3 Nf6 2. g3 d5 3. Bg2 e6 4. O-O Be7 5. d3 O-O 6. Nbd2 c5 7. e4 Nc6 8. e5
Nd7 9. Re1 Qc7 10. Qe2 b5 11. Nf1 Bb7 12. h4 Rfc8 13. h5 h6 14. N1h2 Qd8 15.
Ng4 Bf8 16. Bf4 Nd4 17. Qd2 Nxf3+ 18. Bxf3 Rab8 19. c3 b4 20. Rad1 bxc3 21.
bxc3 Qa5 22. Rb1 Ba8 23. Rbc1 Rc6 24. Kg2 Rcb6 25. Bxh6 gxh6 26. Nxh6+ Bxh6 27.
Qxh6 Ra6 28. Qg5+ Kh8 29. Qh6+ Kg8 30. Qg5+ Kh8 31. Qh6+ 1/2-1/2

[Event "Skakligaen 2021-22"]
[Site "Denmark"]
[Date "2021.10.30"]
[Round "1.1"]
[White "Hector, Jonny"]
[Black "Rasmussen, Allan Stig"]
[Result "0-1"]
[WhiteElo "2443"]
[BlackElo "2566"]
[PlyCount "100"]
[EventDate "2021.10.30"]
[EventType "team-tourn"]
[EventRounds "9"]
[EventCountry "DEN"]
[SourceTitle "Turneringssystemet"]
[WhiteTeam "Nordkalotten"]
[BlackTeam "Jetsmark"]

1. e4 c6 2. Nc3 d5 3. Nf3 dxe4 4. Nxe4 Nf6 5. Qe2 Bg4 6. h3 Bh5 7. d3 Nxe4 8.
dxe4 e5 9. g4 Bg6 10. Bd2 Nd7 11. Bc3 f6 12. O-O-O Qc7 13. Qe1 a5 14. Nh4 Bf7
15. Kb1 b5 16. Nf5 g6 17. Ne3 Nc5 18. f3 Be7 19. g5 h5 20. gxf6 Bxf6 21. f4 O-O
22. Rg1 Nxe4 23. Bxe5 Bxe5 24. fxe5 Qxe5 25. Bd3 Rae8 26. Bxe4 Qxe4 27. Rd3 Bc4
28. Rc3 Rf3 29. Qd1 Rxe3 30. Rxe3 Qxe3 31. Rxg6+ Kf7 32. Rg1 Qe5 33. b3 Bd5 34.
Qd2 Qe3 35. Rf1+ Kg8 36. Qxa5 Bg2 37. Rc1 Bxh3 38. a4 Bf5 39. Kb2 Qe5+ 40. Ka2
bxa4 41. Qxa4 Qc3 42. Qa7 Qe3 43. Qa3 Kh7 44. Kb1 Rb8 45. Kb2 Qd4+ 46. Kb1 Qb4
47. Kb2 Qxa3+ 48. Kxa3 h4 49. b4 h3 50. c4 Be4 0-1

[Event "Skakligaen 2021-22"]
[Site "Denmark"]
[Date "2021.10.30"]
[Round "1.2"]
[White "Baekgaard, Martin"]
[Black "Brynell, Stellan"]
[Result "1/2-1/2"]
[WhiteElo "2311"]
[BlackElo "2431"]
[PlyCount "56"]
[EventDate "2021.10.30"]
[EventType "team-tourn"]
[EventRounds "9"]
[EventCountry "DEN"]
[SourceTitle "Turneringssystemet"]
[WhiteTeam "Jetsmark"]
[BlackTeam "Nordkalotten"]

1. e4 c5 2. Nf3 d6 3. g3 Nc6 4. Bg2 g6 5. O-O Bg7 6. c3 e5 7. d3 Nge7 8. Be3
O-O 9. Qd2 b6 10. Na3 d5 11. exd5 Nxd5 12. Bh6 Re8 13. Bxg7 Kxg7 14. d4 cxd4
15. cxd4 Ba6 16. Rfc1 Nxd4 17. Nxd4 exd4 18. Qxd4+ Nf6 19. Qa4 Be2 20. Bxa8
Qxa8 21. Qc6 Qd8 22. Re1 Re6 23. Qc3 Qd5 24. Nc2 Re4 25. Ne3 Qh5 26. Rxe2 Qxe2
27. Nd5 Re5 28. Nxf6 Kxf6 1/2-1/2

[Event "Skakligaen 2021-22"]
[Site "Denmark"]
[Date "2021.10.30"]
[Round "1.3"]
[White "Kristensen, Kaare Hove"]
[Black "Wiwe, Andreas"]
[Result "0-1"]
[WhiteElo "2345"]
[BlackElo "2314"]
[PlyCount "108"]
[EventDate "2021.10.30"]
[EventType "team-tourn"]
[EventRounds "9"]
[EventCountry "DEN"]
[SourceTitle "Turneringssystemet"]
[WhiteTeam "Nordkalotten"]
[BlackTeam "Jetsmark"]

1. c4 e5 2. Nc3 Nc6 3. g3 Bc5 4. Bg2 d6 5. e3 a6 6. Nf3 Ba7 7. d4 Nge7 8. dxe5
Nxe5 9. Nxe5 dxe5 10. Qxd8+ Kxd8 11. O-O Rb8 12. Rd1+ Ke8 13. b3 Be6 14. Ba3 f6
15. Rac1 Kf7 16. Nd5 c5 17. f4 exf4 18. gxf4 Rhd8 19. Kf2 Rd7 20. Nxe7 Kxe7 21.
Rxd7+ Kxd7 22. Bd5 Bxd5 23. Rd1 Re8 24. Rxd5+ Kc6 25. Kf3 b6 26. Bb2 Bb8 27. h4
Bd6 28. h5 Be7 29. e4 Rd8 30. Rxd8 Bxd8 31. Kg4 Kd7 32. Kf5 Ke7 33. e5 fxe5 34.
Bxe5 Kf7 35. Ke4 g6 36. Kd5 gxh5 37. f5 h4 38. a4 a5 39. Kc6 h3 40. Kd5 Bf6 41.
Bc7 Bd8 42. Be5 Bf6 43. Bc7 Bd4 44. Ke4 Bc3 45. Kf3 Kf6 46. Kg4 h5+ 47. Kxh3
Kxf5 48. Bxb6 Bb4 49. Bd8 Ke4 50. Kg2 Kd3 51. Kf1 Kc2 52. Ke2 Kxb3 53. Kd3 Kxa4
54. Kc2 Be1 0-1

[Event "Skakligaen 2021-22"]
[Site "Denmark"]
[Date "2021.10.30"]
[Round "1.4"]
[White "Jensen, Bjarke"]
[Black "Hove, Esben Kjems"]
[Result "1/2-1/2"]
[WhiteElo "2349"]
[BlackElo "2335"]
[PlyCount "104"]
[EventDate "2021.10.30"]
[EventType "team-tourn"]
[EventRounds "9"]
[EventCountry "DEN"]
[SourceTitle "Turneringssystemet"]
[WhiteTeam "Jetsmark"]
[BlackTeam "Nordkalotten"]

1. e4 c6 2. d4 d5 3. Nc3 dxe4 4. Nxe4 Bf5 5. Ng3 Bg6 6. h4 h6 7. Nf3 Nd7 8. Bd3
Bxd3 9. Qxd3 Ngf6 10. Bd2 e6 11. O-O-O Be7 12. Qe2 O-O 13. Nf1 c5 14. g4 Nxg4
15. Rg1 h5 16. Ne5 Ndxe5 17. dxe5 Qd5 18. Ne3 Qxa2 19. c4 f5 20. Ng2 Rf7 21.
Bc3 f4 22. f3 Ne3 23. Nxe3 fxe3 24. Rg6 Bxh4 25. Qxe3 Qxc4 26. Qh6 Qf4+ 27.
Qxf4 Rxf4 28. Rdg1 Rf7 29. Rxe6 Bf2 30. Rg2 Be3+ 31. Kc2 h4 32. Reg6 h3 33.
R2g4 Bd4 34. e6 Re7 35. Bxd4 cxd4 36. Rh6 Rf8 37. Rxh3 Rxe6 38. Rxd4 Re2+ 39.
Rd2 Rxd2+ 40. Kxd2 Rf6 41. Ke3 Rb6 42. Rh2 Rb4 43. Rc2 a5 44. f4 Kf7 45. Kf3 a4
46. Rd2 b5 47. Kg4 Rb3 48. Kf5 b4 49. Rd7+ Kg8 50. Ra7 a3 51. bxa3 bxa3 52. Kg5
Rg3+ 1/2-1/2

[Event "Skakligaen 2021-22"]
[Site "Denmark"]
[Date "2021.10.30"]
[Round "1.5"]
[White "Schmidt, Kristen"]
[Black "Christensen, Stefan"]
[Result "1/2-1/2"]
[WhiteElo "2315"]
[BlackElo "2266"]
[PlyCount "106"]
[EventDate "2021.10.30"]
[EventType "team-tourn"]
[EventRounds "9"]
[EventCountry "DEN"]
[SourceTitle "Turneringssystemet"]
[WhiteTeam "Nordkalotten"]
[BlackTeam "Jetsmark"]

1. e4 e6 2. d4 d5 3. Nc3 Bb4 4. e5 b6 5. Bd2 Qd7 6. f4 Ba6 7. Bxa6 Nxa6 8. Nf3
h5 9. O-O Nh6 10. Ne2 Be7 11. c3 c5 12. a3 c4 13. b3 cxb3 14. Qxb3 Rc8 15. a4
Nc7 16. Rfc1 Nf5 17. Ng3 Nxg3 18. hxg3 g6 19. Kf2 Kf8 20. Rh1 Kg7 21. Nh2 Qc6
22. Nf1 Rb8 23. Ne3 b5 24. a5 Na6 25. Rhc1 Qd7 26. g4 hxg4 27. Nxg4 Qd8 28. Rh1
Qd7 29. f5 exf5 30. Bh6+ Rxh6 31. Nf6 Bxf6 32. exf6+ Kh7 33. c4 g5 34. Rxh6+
Kxh6 35. Rh1+ Kg6 36. Qh3 Kxf6 37. Qh6+ Ke7 38. Qxg5+ Kd6 39. Rh6+ Kc7 40. Rxa6
Kb7 41. Qf6 Qc7 42. Rd6 Qxc4 43. a6+ Ka8 44. Rd7 Qc2+ 45. Kg1 Qc1+ 46. Kh2 Rc8
47. Qxf5 Rh8+ 48. Kg3 Rg8+ 49. Kh2 Qh6+ 50. Kg1 Qe3+ 51. Qf2 Qc1+ 52. Qf1 Qe3+
53. Qf2 Qc1+ 1/2-1/2

[Event "Skakligaen 2021-22"]
[Site "Denmark"]
[Date "2021.10.30"]
[Round "1.6"]
[White "Rathlev, Jakob"]
[Black "Sylvan, Jacob"]
[Result "0-1"]
[WhiteElo "2201"]
[BlackElo "2295"]
[PlyCount "70"]
[EventDate "2021.10.30"]
[EventType "team-tourn"]
[EventRounds "9"]
[EventCountry "DEN"]
[SourceTitle "Turneringssystemet"]
[WhiteTeam "Jetsmark"]
[BlackTeam "Nordkalotten"]

1. Nf3 Nf6 2. c4 e6 3. g3 d5 4. Bg2 dxc4 5. Qa4+ Nbd7 6. Qxc4 a6 7. d4 b5 8.
Qc2 Bb7 9. O-O c5 10. dxc5 Bxc5 11. Nc3 Rc8 12. a3 O-O 13. b4 Ba7 14. Bb2 Nb6
15. Rfd1 Qc7 16. Rac1 Nc4 17. e3 h6 18. Ne2 Qe7 19. Qb1 e5 20. Qa1 Ng4 21. Rxc4
bxc4 22. Nxe5 Bxg2 23. Kxg2 Qb7+ 24. Nf3 Nxh2 25. Neg1 Nxf3 26. Nxf3 f6 27. Rh1
Bb8 28. Qb1 Be5 29. Bc1 f5 30. Rh5 g5 31. e4 Bg7 32. Nd2 c3 33. Nb3 Qf7 34. Rh1
c2 35. Qa2 Rc3 0-1

[Event "Skakligaen 2021-22"]
[Site "Denmark"]
[Date "2021.10.30"]
[Round "1.7"]
[White "Jakobsen, Peter"]
[Black "Grubert, Christian"]
[Result "1-0"]
[WhiteElo "2194"]
[BlackElo "2112"]
[PlyCount "119"]
[EventDate "2021.10.30"]
[EventType "team-tourn"]
[EventRounds "9"]
[EventCountry "DEN"]
[SourceTitle "Turneringssystemet"]
[WhiteTeam "Nordkalotten"]
[BlackTeam "Jetsmark"]

1. c4 f5 2. g3 Nf6 3. Bg2 e6 4. Nf3 c6 5. O-O d5 6. d3 Be7 7. b3 O-O 8. Bb2 Na6
9. Nbd2 Nd7 10. a3 Bf6 11. Qc2 Bxb2 12. Qxb2 Qf6 13. Qxf6 Nxf6 14. b4 Nc7 15.
Nb3 Nd7 16. Rac1 e5 17. cxd5 Nxd5 18. Na5 Re8 19. Nd2 N7f6 20. e4 Ne7 21. Ndc4
fxe4 22. dxe4 b6 23. Nb3 Be6 24. Nbd2 Rad8 25. Rfd1 Ng6 26. Ne3 Rd4 27. Ndf1
Red8 28. Rxd4 exd4 29. Nf5 Bxf5 30. exf5 Ne7 31. Nd2 Nfd5 32. Rc4 Nc3 33. Kf1
Rd6 34. g4 Kf7 35. Nf3 Nb1 36. Rxd4 Rxd4 37. Nxd4 Nxa3 38. Nxc6 Nxc6 39. Bxc6
Nc2 40. Bd5+ Kf6 41. b5 Ke5 42. Bc6 Nd4 43. Be8 Kd5 44. f3 Kc5 45. Kf2 Nxb5 46.
Bxb5 Kxb5 47. Ke3 a5 48. Kd3 Kc5 49. h4 a4 50. g5 b5 51. h5 Kd6 52. f6 Ke6 53.
fxg7 Kf7 54. h6 a3 55. Kc2 Kg8 56. Kb3 b4 57. f4 Kf7 58. f5 Kg8 59. f6 Kf7 60.
g6+ 1-0

[Event "Skakligaen 2021-22"]
[Site "Denmark"]
[Date "2021.10.30"]
[Round "1.8"]
[White "Helledie, Anders"]
[Black "Ejsing, Esben"]
[Result "1-0"]
[WhiteElo "2314"]
[BlackElo "2127"]
[PlyCount "215"]
[EventDate "2021.10.30"]
[EventType "team-tourn"]
[EventRounds "9"]
[EventCountry "DEN"]
[SourceTitle "Turneringssystemet"]
[WhiteTeam "Jetsmark"]
[BlackTeam "Nordkalotten"]

1. e4 c5 2. Nc3 d6 3. g3 Nc6 4. Bg2 g6 5. d3 Bg7 6. Be3 Nf6 7. h3 O-O 8. Qd2
Rb8 9. Bh6 b5 10. Bxg7 Kxg7 11. f4 e5 12. Nf3 Nd4 13. O-O b4 14. Nd1 Nh5 15.
Kh2 exf4 16. gxf4 Nxf3+ 17. Rxf3 f5 18. a3 a5 19. axb4 axb4 20. Ne3 Bb7 21. Nd5
Bxd5 22. exd5 Qf6 23. d4 Rfc8 24. Ra7+ Kg8 25. Ra6 Qxd4 26. Qxd4 cxd4 27. Rf2
b3 28. cxb3 Rxb3 29. Rxd6 d3 30. Rc6 Rcb8 31. d6 R3b6 32. d7 Rxc6 33. Bxc6 Nf6
34. Rd2 Kf8 35. b4 Nxd7 36. Bxd7 Rxb4 37. Kg3 Ke7 38. Rxd3 h6 39. Bc8 Rc4 40.
Ba6 Ra4 41. Bb5 Rb4 42. Rd5 Rb3+ 43. Kg2 Rb4 44. Kf3 g5 45. fxg5 hxg5 46. Kg3
Ke6 47. Rc5 Rb3+ 48. Kg2 Rb2+ 49. Kg1 Rb1+ 50. Bf1 Re1 51. Kf2 Re5 52. Rc6+ Kf7
53. Be2 Ra5 54. Bh5+ Kf8 55. Rc7 Re5 56. Be2 Kg8 57. Bc4+ Kh8 58. Rf7 Re4 59.
Bd3 Rf4+ 60. Kg3 Kg8 61. Rd7 Kf8 62. Rd5 Kg7 63. Bxf5 Kf6 64. Bg4 Rf1 65. Rd6+
Kf7 66. Kg2 Ra1 67. Bf5 Ra3 68. Kf2 Rc3 69. Ke2 Ke7 70. Rg6 Rc5 71. Be4 Kf7 72.
Rd6 Rc3 73. Bd3 Ra3 74. Rd5 Ra2+ 75. Kf3 Rh2 76. Kg3 Rh1 77. Kg2 Ke6 78. Rxg5
Rd1 79. Be2 Kf6 80. Ra5 Rc1 81. h4 Kg6 82. Kg3 Rc6 83. Kg4 Rd6 84. Bf3 Rd4+ 85.
Kg3 Rd6 86. Kf4 Rf6+ 87. Kg4 Kh6 88. Be4 Kg7 89. Kg5 Re6 90. Bf5 Re7 91. h5 Re8
92. Ra7+ Kh8 93. Kf6 Rf8+ 94. Kg6 Rg8+ 95. Kh6 Re8 96. Rd7 Kg8 97. Bg4 Kh8 98.
Bf3 Re6+ 99. Kg5 Re8 100. Kg6 Rg8+ 101. Kh6 Rg7 102. Rd8+ Rg8 103. Rd6 Rf8 104.
Be4 Kg8 105. Rd7 Rf6+ 106. Kg5 Rf8 107. Kg6 Re8 108. Bd5+ 1-0

[Event "Skakligaen 2021-22"]
[Site "Denmark"]
[Date "2021.10.30"]
[Round "1.1"]
[White "Korley, Kassa"]
[Black "Thogersen, Rasmus"]
[Result "1-0"]
[WhiteElo "2407"]
[BlackElo "2278"]
[PlyCount "61"]
[EventDate "2021.10.30"]
[EventType "team-tourn"]
[EventRounds "9"]
[EventCountry "DEN"]
[SourceTitle "Live"]
[WhiteTeam "Obro"]
[BlackTeam "SK1968"]

1. d4 Nf6 2. c4 g6 3. g3 c6 4. Bg2 d5 5. Nf3 Bg7 6. O-O O-O 7. Nc3 Ne4 8. Qb3
Qb6 9. cxd5 Qxb3 10. axb3 Nxc3 11. bxc3 cxd5 12. Bf4 Nc6 13. b4 Bd7 14. Nd2 e6
15. e4 e5 16. dxe5 Nxe5 17. exd5 Nd3 18. Be3 Bxc3 19. Ra3 Bxd2 20. Bxd2 Bb5 21.
Rfa1 Rad8 22. Rxa7 Bc4 23. Bh6 Rfe8 24. Bg5 Rd7 25. Bf6 Rd6 26. Ra8 Kf8 27.
Rxe8+ Kxe8 28. Ra8+ Kd7 29. Bh3+ Kc7 30. Rc8+ Kb6 31. Be7 1-0

[Event "Skakligaen 2021-22"]
[Site "Denmark"]
[Date "2021.10.30"]
[Round "1.2"]
[White "Matthiesen, Martin"]
[Black "Nielsen, Viktor Haarmark"]
[Result "1-0"]
[WhiteElo "2325"]
[BlackElo "2296"]
[PlyCount "109"]
[EventDate "2021.10.30"]
[EventType "team-tourn"]
[EventRounds "9"]
[EventCountry "DEN"]
[SourceTitle "Live"]
[WhiteTeam "SK1968"]
[BlackTeam "Obro"]

1. d4 Nf6 2. c4 g6 3. g3 Bg7 4. Bg2 d5 5. cxd5 Nxd5 6. e4 Nb6 7. Ne2 c5 8. d5
O-O 9. O-O e6 10. Nec3 exd5 11. exd5 Na6 12. Nd2 Re8 13. Nde4 h6 14. Nb5 Bf5
15. Ned6 Qd7 16. Nxf5 gxf5 17. Nc3 Nc4 18. Qh5 Nb4 19. Bxh6 Bxh6 20. Qxh6 Qd6
21. Qh4 Nxb2 22. Rab1 N4d3 23. Qg5+ Qg6 24. Qd2 Qf6 25. Nd1 Nxd1 26. Qxd3 Nc3
27. Rxb7 Rac8 28. Bf3 c4 29. Qc2 Qe5 30. d6 Red8 31. d7 Rc5 32. Rxa7 Kh7 33. a4
Kg6 34. Rc1 Nd5 35. h4 c3 36. Bxd5 Qxd5 37. Rd1 Qe4 38. Qxe4 fxe4 39. Rc1 Kf6
40. Rb7 Ke6 41. Rb3 Rxd7 42. Rbxc3 Rxc3 43. Rxc3 Rd1+ 44. Kg2 Ra1 45. Rc6+ Ke5
46. Rc5+ Ke6 47. Rc4 f5 48. g4 Kd5 49. Rb4 f4 50. h5 f3+ 51. Kg3 Ke5 52. Rb5+
Kd4 53. h6 Rg1+ 54. Kf4 Rh1 55. Rh5 1-0

[Event "Skakligaen 2021-22"]
[Site "Denmark"]
[Date "2021.10.30"]
[Round "1.3"]
[White "Hansen, Soren Bech"]
[Black "Bank, Pelle Rodkjaer"]
[Result "0-1"]
[WhiteElo "2296"]
[BlackElo "2322"]
[PlyCount "96"]
[EventDate "2021.10.30"]
[EventType "team-tourn"]
[EventRounds "9"]
[EventCountry "DEN"]
[SourceTitle "Live"]
[WhiteTeam "Obro"]
[BlackTeam "SK1968"]

1. e4 c6 2. d4 d5 3. Nc3 g6 4. Nf3 Bg7 5. h3 dxe4 6. Nxe4 Nf6 7. Nxf6+ exf6 8.
Bd3 O-O 9. Be3 Na6 10. Qd2 Nc7 11. O-O Be6 12. Bh6 a5 13. Rfe1 Qd6 14. a3 Rfd8
15. Bxg7 Kxg7 16. Rad1 b5 17. c3 a4 18. Be4 Nd5 19. Bxd5 Bxd5 20. Re3 Re8 21.
Rde1 Qd7 22. Nh2 h5 23. Nf1 Re6 24. Ng3 Rae8 25. Rxe6 Rxe6 26. Re3 Rxe3 27.
Qxe3 Qe6 28. Nf1 Qf5 29. Qc1 Qd3 30. Ne3 Bb3 31. Qe1 f5 32. Nf1 Qc2 33. Qa1 f4
34. Nh2 Bd5 35. h4 Kh7 36. Nf3 Qe2 37. Ng5+ Kg7 38. f3 Qe3+ 39. Kh2 Qf2 40. Qd1
Qxb2 41. Qe1 Qxa3 42. Qe5+ Kg8 43. Qxf4 Qf8 44. Ne4 Bxe4 45. fxe4 a3 46. Qf2
Qd6+ 47. g3 Qe6 48. Qe2 Qb3 0-1

[Event "Skakligaen 2021-22"]
[Site "Denmark"]
[Date "2021.10.30"]
[Round "1.4"]
[White "Rewitz, Poul"]
[Black "Larsen, Karsten"]
[Result "1-0"]
[WhiteElo "2264"]
[BlackElo "2252"]
[PlyCount "59"]
[EventDate "2021.10.30"]
[EventType "team-tourn"]
[EventRounds "9"]
[EventCountry "DEN"]
[SourceTitle "Live"]
[WhiteTeam "SK1968"]
[BlackTeam "Obro"]

1. d4 d5 2. Bf4 Nf6 3. e3 e6 4. Nd2 c5 5. c3 Nc6 6. h3 cxd4 7. exd4 Bd6 8. Bxd6
Qxd6 9. Ngf3 O-O 10. Bd3 e5 11. dxe5 Nxe5 12. Nxe5 Qxe5+ 13. Qe2 Qf4 14. O-O
Re8 15. Qd1 d4 16. c4 Bd7 17. Nb3 Rad8 18. Qd2 Qh4 19. Rad1 Bxh3 20. gxh3 Re5
21. f4 Re3 22. Bf5 Rde8 23. Nxd4 g6 24. Rf2 Rg3+ 25. Rg2 Ree3 26. Qf2 Nh5 27.
Rd3 Rxg2+ 28. Kxg2 Nxf4+ 29. Kf1 Rxd3 30. Qxh4 1-0

[Event "Skakligaen 2021-22"]
[Site "Denmark"]
[Date "2021.10.30"]
[Round "1.7"]
[White "Kakulidis, Ellen"]
[Black "Christensen, Thomas K"]
[Result "1-0"]
[WhiteElo "2054"]
[BlackElo "2197"]
[PlyCount "103"]
[EventDate "2021.10.30"]
[EventType "team-tourn"]
[EventRounds "9"]
[EventCountry "DEN"]
[SourceTitle "Live"]
[WhiteTeam "Obro"]
[BlackTeam "SK1968"]

1. d4 Nf6 2. g3 c5 3. d5 d6 4. Nc3 g6 5. Bg2 Bg7 6. Nh3 O-O 7. O-O a6 8. a4 e5
9. e4 Nbd7 10. f3 Rb8 11. Qe2 Qc7 12. Nf2 Re8 13. Nfd1 Nh5 14. Ne3 Bh6 15. Ng4
Bxc1 16. Rfxc1 Nhf6 17. Ne3 Nf8 18. a5 Bd7 19. b3 Nh5 20. Nc4 f5 21. exf5 Bxf5
22. Ne4 Rbd8 23. Qe3 Bxe4 24. fxe4 Qd7 25. Rf1 Re7 26. Qg5 Rde8 27. Rf2 Kg7 28.
Raf1 h6 29. Qe3 Nh7 30. h3 N7f6 31. Kh2 Nh7 32. h4 g5 33. Bh3 g4 34. Bg2 Rf8
35. Rxf8 Nxf8 36. Rf5 Nf6 37. Rxf6 Kxf6 38. Qxh6+ Ng6 39. h5 Rg7 40. hxg6 Rxg6
41. Qf8+ Kg5 42. Qf2 Rf6 43. Qd2+ Kh5 44. Ne3 Qg7 45. Nf5 Qc7 46. Kg1 c4 47.
Bf1 Qc5+ 48. Kh1 Rxf5 49. exf5 cxb3 50. cxb3 e4 51. b4 Qc8 52. Qf4 1-0

[Event "Skakligaen 2021-22"]
[Site "Denmark"]
[Date "2021.10.30"]
[Round "1.8"]
[White "Simkin, Mark"]
[Black "Skou, Niels"]
[Result "1/2-1/2"]
[WhiteElo "2096"]
[BlackElo "2045"]
[PlyCount "52"]
[EventDate "2021.10.30"]
[EventType "team-tourn"]
[EventRounds "9"]
[EventCountry "DEN"]
[SourceTitle "Live"]
[WhiteTeam "SK1968"]
[BlackTeam "Obro"]

1. e4 e5 2. f4 exf4 3. Nf3 Nf6 4. e5 Nh5 5. d4 d6 6. Nc3 Be7 7. Bb5+ Bd7 8. O-O
Bxb5 9. Nxb5 g6 10. exd6 cxd6 11. c4 O-O 12. Nc3 Bf6 13. Nd5 Bg7 14. Qb3 Nc6
15. Rd1 Qd7 16. Nxf4 Nxf4 17. Bxf4 Rfe8 18. d5 Ne5 19. Bxe5 Bxe5 20. Nxe5 Rxe5
21. Re1 Rae8 22. Qg3 Qc7 23. Rxe5 Rxe5 24. b3 Qa5 25. Qf2 b6 26. h3 Qc3 1/2-1/2